| 000 | 00563nam a22001817a 4500 | ||
|---|---|---|---|
| 005 | 20231031145731.0 | ||
| 008 | 231031b |||||||| |||| 00| 0 eng d | ||
| 020 | _a0409037494 ; 0409037508 | ||
| 041 | _aEnglish | ||
| 082 | _a346.7 KER | ||
| 100 |
_aKerr, AJ _lEnglish |
||
| 245 |
_aThe Law of Sale and Lease / _cAJ Kerr |
||
| 250 | _aFirst Edition | ||
| 260 |
_aDurban : _bButterworth Publishers (Pty) Ltd, _c1984 |
||
| 300 |
_bxxxii, 325 pages ; _c25, 5 cm. _e5 Editions |
||
| 650 |
_alegal practice _bLaw |
||
| 942 |
_cBK _6ALISON_BN_VRIES |
||
| 999 |
_c197 _d197 |
||